000 00725nam a22002297a 4500
005 20170124110014.0
010 _aA-736271
020 _c00.00
035 _aA-736271
037 _bCen Lib/Ret
040 _aDPL
_bEN
082 _a370.195
_bCHA
100 _aChaube, S. P.
_918446
245 _aComparative education :
_cby S. P. Chaube
_ba study of some contemporary national system[s] of education /
260 _aAgra
_bRam Prasad and Sons
_c1995
270 _aHospital Road
_bAgra
300 _axv,647p.
_c20cm(Hb)
500 _aIncludes bibliographical references and index
650 _aComparative education
_918447
650 _aEducation
_91169
942 _2ddc
_cEN
_h370.195
_mCHA
999 _c126776
_d126776